Real Word or Gibberish? - Statistics

General Stats
  • This quiz has been taken 160 times
  • The average score is 19 of 35
Answer Stats
Question Answer % Correct
featherlight Real
85%
vitrification Real
79%
iamst Gibberish
77%
nazy Gibberish
77%
quid Real
77%
sast Gibberish
72%
buv Gibberish
72%
getry Gibberish
67%
maphe Gibberish
67%
oxyphenbutazone Real
67%
sedulous Real
67%
staphyloccic Real
64%
creolization Real
64%
dibble Real
64%
xylose Real
64%
brartered Gibberish
62%
flak Real
62%
miciously Gibberish
59%
chargesheet Real
59%
griled Gibberish
54%
ebo Gibberish
49%
disgavelling Real
46%
kovash Gibberish
44%
doctions Gibberish
44%
quindle Gibberish
41%
stopbanks Real
41%
providating Gibberish
38%
phosphoribose Gibberish
38%
desklabs Gibberish
36%
tael Real
36%
ayu Real
28%
footkeep Gibberish
26%
litu Real
21%
qiviut Real
18%
vrouw Real
13%
No matching quizzes found
Score Distribution
Percent of People with Each Score
Percentile by Number Answered
Your Score History
You have not taken this quiz